Match the Celeb to their Birth Place - Statistics

General Stats
  • This quiz has been taken 24 times
  • The average score is 119 of 144
Answer Stats
Question Tile Select % Correct
Christian Bale Beirut, Lebanon No
96%
Keanu Reeves Chernivtsi, Ukraine No
96%
Christian Bale Chernivtsi, Ukraine No
96%
Keanu Reeves Haverfordwest, UK No
96%
Christian Bale Jerusalem, Israel No
96%
Keanu Reeves Muscat, Oman No
96%
Christian Bale Muscat, Oman No
96%
Keanu Reeves Sarawak, Malaysia No
96%
Christian Bale Sarawak, Malaysia No
96%
Keanu Reeves Sydney, Australia No
96%
Nicole Kidman Beirut, Lebanon No
91%
Charlize Theron Beirut, Lebanon No
91%
Mila Kunis Beirut, Lebanon No
91%
Emma Watson Beirut, Lebanon No
91%
Keanu Reeves Benoni, South Africa No
91%
Nicole Kidman Benoni, South Africa No
91%
Isla Fisher Benoni, South Africa No
91%
Mila Kunis Benoni, South Africa No
91%
Emma Watson Benoni, South Africa No
91%
Christian Bale Benoni, South Africa No
91%
Natalie Portman Benoni, South Africa No
91%
Nicole Kidman Chernivtsi, Ukraine No
91%
Isla Fisher Chernivtsi, Ukraine No
91%
Emma Watson Chernivtsi, Ukraine No
91%
Natalie Portman Chernivtsi, Ukraine No
91%
Keanu Reeves Florence, Italy No
91%
Nicole Kidman Florence, Italy No
91%
Charlize Theron Florence, Italy No
91%
Mila Kunis Florence, Italy No
91%
Natalie Portman Florence, Italy No
91%
Nicole Kidman Haverfordwest, UK No
91%
Mila Kunis Haverfordwest, UK No
91%
Charlize Theron Honolulu, Hawaii No
91%
Isla Fisher Honolulu, Hawaii No
91%
Mila Kunis Honolulu, Hawaii No
91%
Emma Watson Honolulu, Hawaii No
91%
Christian Bale Honolulu, Hawaii No
91%
Emma Watson Jerusalem, Israel No
91%
Nicole Kidman Muscat, Oman No
91%
Charlize Theron Muscat, Oman No
91%
Mila Kunis Muscat, Oman No
91%
Emma Watson Muscat, Oman No
91%
Natalie Portman Muscat, Oman No
91%
Nicole Kidman Ontario, Canada No
91%
Mila Kunis Ontario, Canada No
91%
Emma Watson Ontario, Canada No
91%
Keanu Reeves Paris, France No
91%
Nicole Kidman Paris, France No
91%
Mila Kunis Paris, France No
91%
Christian Bale Paris, France No
91%
Nicole Kidman Sarawak, Malaysia No
91%
Charlize Theron Sarawak, Malaysia No
91%
Isla Fisher Sarawak, Malaysia No
91%
Mila Kunis Sarawak, Malaysia No
91%
Emma Watson Sarawak, Malaysia No
91%
Natalie Portman Sarawak, Malaysia No
91%
Charlize Theron Sydney, Australia No
91%
Mila Kunis Sydney, Australia No
91%
Emma Watson Sydney, Australia No
91%
Christian Bale Sydney, Australia No
91%
Natalie Portman Beirut, Lebanon No
87%
Jim Carrey Beirut, Lebanon No
87%
Hugh Jackman Beirut, Lebanon No
87%
Jim Carrey Benoni, South Africa No
87%
Hugh Jackman Benoni, South Africa No
87%
Charlize Theron Chernivtsi, Ukraine No
87%
Hugh Jackman Chernivtsi, Ukraine No
87%
Isla Fisher Florence, Italy No
87%
Emma Watson Florence, Italy No
87%
Christian Bale Florence, Italy No
87%
Jim Carrey Florence, Italy No
87%
Hugh Jackman Florence, Italy No
87%
Charlize Theron Haverfordwest, UK No
87%
Isla Fisher Haverfordwest, UK No
87%
Natalie Portman Haverfordwest, UK No
87%
Natalie Portman Honolulu, Hawaii No
87%
Jim Carrey Honolulu, Hawaii No
87%
Hugh Jackman Honolulu, Hawaii No
87%
Nicole Kidman Jerusalem, Israel No
87%
Charlize Theron Jerusalem, Israel No
87%
Mila Kunis Jerusalem, Israel No
87%
Jim Carrey Jerusalem, Israel No
87%
Jim Carrey Muscat, Oman No
87%
Charlize Theron Ontario, Canada No
87%
Isla Fisher Ontario, Canada No
87%
Hugh Jackman Ontario, Canada No
87%
Charlize Theron Paris, France No
87%
Isla Fisher Paris, France No
87%
Natalie Portman Paris, France No
87%
Jim Carrey Paris, France No
87%
Hugh Jackman Paris, France No
87%
Jim Carrey Sarawak, Malaysia No
87%
Natalie Portman Sydney, Australia No
87%
Jim Carrey Sydney, Australia No
87%
Isla Fisher Beirut, Lebanon No
83%
Rose McGowan Beirut, Lebanon No
83%
Rose McGowan Benoni, South Africa No
83%
Jim Carrey Chernivtsi, Ukraine No
83%
Henry Golding Florence, Italy No
83%
Jim Carrey Haverfordwest, UK No
83%
Rose McGowan Haverfordwest, UK No
83%
Hugh Jackman Haverfordwest, UK No
83%
Keanu Reeves Honolulu, Hawaii No
83%
Henry Golding Honolulu, Hawaii No
83%
Isla Fisher Jerusalem, Israel No
83%
Rose McGowan Jerusalem, Israel No
83%
Hugh Jackman Jerusalem, Israel No
83%
Henry Golding Muscat, Oman No
83%
Hugh Jackman Muscat, Oman No
83%
Natalie Portman Ontario, Canada No
83%
Henry Golding Paris, France No
83%
Hugh Jackman Sarawak, Malaysia No
83%
Henry Golding Sydney, Australia No
83%
Isla Fisher Sydney, Australia No
83%
Henry Golding Beirut, Lebanon No
78%
Henry Golding Chernivtsi, Ukraine No
78%
Rose McGowan Chernivtsi, Ukraine No
78%
Rose McGowan Honolulu, Hawaii No
78%
Keanu Reeves Jerusalem, Israel No
78%
Keanu Reeves Ontario, Canada No
78%
Henry Golding Ontario, Canada No
78%
Rose McGowan Paris, France No
78%
Rose McGowan Sarawak, Malaysia No
78%
Henry Golding Benoni, South Africa No
74%
Mila Kunis Chernivtsi, Ukraine Yes
74%
Henry Golding Jerusalem, Israel No
74%
Rose McGowan Muscat, Oman No
74%
Christian Bale Ontario, Canada No
74%
Rose McGowan Sydney, Australia No
74%
Henry Golding Haverfordwest, UK No
70%
Jim Carrey Ontario, Canada Yes
65%
Rose McGowan Ontario, Canada No
65%
Charlize Theron Benoni, South Africa Yes
61%
Hugh Jackman Sydney, Australia Yes
61%
Natalie Portman Jerusalem, Israel Yes
52%
Keanu Reeves Beirut, Lebanon Yes
48%
Nicole Kidman Sydney, Australia No
48%
Emma Watson Haverfordwest, UK No
39%
Nicole Kidman Honolulu, Hawaii Yes
35%
Christian Bale Haverfordwest, UK Yes
30%
Isla Fisher Muscat, Oman Yes
30%
Emma Watson Paris, France Yes
30%
Henry Golding Sarawak, Malaysia Yes
22%
Rose McGowan Florence, Italy Yes
13%
No matching quizzes found
Score Distribution
Percent of People with Each Score
Percentile by Number Answered
Your Score History
You have not taken this quiz